All italian food in Restaurant tycoon 3 - Statistics

General Stats
  • This quiz has been taken 12 times
  • The average score is 4 of 21
Answer Stats
Rank Answer % Correct
Mains Pizza
91%
Desserts Tiramisu
82%
Mains Lasagna
45%
Mains Carbonara
27%
Desserts Panna Cotta
27%
mains Ravioli
27%
Starters Bruschetta
18%
Mains Spaghetti bolognese
18%
Mains Tortellini
18%
Desserts Ice cream
9%
Mains Risotto
9%
Mains Spaghetti and Meatballs
9%
Desserts Apple Strudel
0%
Starters Arancini
0%
Starters Caesar Salad
0%
Mains Fondue
0%
Starters Garlic bread
0%
Mains Omelette
0%
Desserts Profiteroles
0%
Mains Steak
0%
Mains Stuffed Peppers
0%
No matching quizzes found
Score Distribution
Percent of People with Each Score
Percentile by Number Answered
Your Score History
You have not taken this quiz